00293nam a2200121Ia 4500008004100000020001500041041001200056100001600068245003800084260002500122300000800147650001600155221030s9999 xx 000 0 und d a0074632906 aEnglish aP. Naughton 4aThe Java Handbookcby P. Naughton bTMHaNew Delhic1997 a424 aBB Computer